[Event "GRE-chT 52nd"]
[Site "Loutraki"]
[Date "2025.07.03"]
[Round "6.50"]
[White "Tsarouchas, Athanasios"]
[Black "Megagiannis, Maximos"]
[Result "0-1"]
[WhiteElo "1593"]
[BlackElo "1919"]
[PlyCount "116"]
[EventDate "2025.06.28"]
[EventType "team-swiss"]
[EventRounds "7"]
[EventCountry "GRE"]
[SourceTitle "CB28_2025"]
[SourceDate "2025.07.09"]
[SourceVersion "1"]
[SourceVersionDate "2025.07.09"]
[SourceQuality "1"]
[WhiteTeam "Trikalon Skaki"]
[BlackTeam "Chalandriou"]
[WhiteTeamCountry "GRE"]
[BlackTeamCountry "GRE"]

1. e4 c5 2. Nc3 Nc6 3. Nf3 g6 4. d4 cxd4 5. Nxd4 Bg7 6. Be3 Nf6 7. Bc4 0-0 8. h3 d6 9. 0-0 Bd7 10. Re1 Rc8 11. Bb3 a5 12. a4 Nxd4 13. Bxd4 Bc6 14. f3 Nh5 15. Bxg7 Kxg7 16. Qd4+ Kg8 17. Rad1 Qc7 18. Kf2 e5 19. Qe3 Nf4 20. g3 Ne6 21. Ne2 Qd7 22. Bxe6 fxe6 23. b3 Rf6 24. c4 Rcf8 25. Ng1 Qe7 26. Qd2 Qf7 27. Qc3 Qc7 28. Rd3 b6 29. Kg2 h5 30. h4 g5 31. hxg5 Rg6 32. Nh3 h4 33. g4 Qb8 34. Nf2 Rxg5 35. Kh3 Rf4 36. Kxh4 Qd8 37. Kg3 Rf8 38. Qd2 Qf6 39. Nh3 Rg7 40. Nf2 Rgf7 41. Rh1 d5 42. cxd5 exd5 43. exd5 Bxd5 44. Rh6 Qg7 45. Ne4 Bxe4 46. fxe4 Rf4 47. Rh4 Qf6 48. Rh5 Qg6 49. Qd1 Rf1 50. Qc2 Rg1+ 51. Kh2 Rgf1 52. Rd2 Qf6 53. Rf5 Qh4+ 54. Kg2 R8xf5 55. gxf5 Qh1+ 56. Kg3 Qf3+ 57. Kh4 Qf4+ 58. Kh5 Rh1+ 0-1

[Event "Athens Iraklion op 27th"]
[Site "Athens"]
[Date "2025.06.14"]
[Round "8"]
[White "Oikonomopoulos, Filippos"]
[Black "Megagiannis, Maximos"]
[Result "1-0"]
[WhiteElo "2136"]
[BlackElo "1859"]
[PlyCount "23"]
[EventDate "2025.06.14"]
[EventType "swiss"]
[EventRounds "9"]
[EventCountry "GRE"]
[SourceTitle "CB26_2025"]
[SourceDate "2025.06.25"]
[SourceVersion "1"]
[SourceVersionDate "2025.06.25"]
[SourceQuality "1"]

1. e4 c5 2. Nf3 e6 3. d4 cxd4 4. Nxd4 Nc6 5. c4 Nf6 6. Nc3 Bb4 7. Nxc6 bxc6 8. Bd3 d5 9. cxd5 cxd5 10. Qa4+ Bd7 11. Qxb4 a5 12. Qd4 1-0

[Event "Wch U10"]
[Site "Montesilvano"]
[Date "2024.11.18"]
[Round "4"]
[White "Megagiannis, Maximos"]
[Black "Dien, James"]
[Result "1-0"]
[WhiteElo "1682"]
[BlackElo "1513"]
[PlyCount "73"]
[EventDate "2024.11.15"]
[EventType "swiss"]
[EventRounds "11"]
[EventCountry "ITA"]
[SourceTitle "CB48_2024"]
[SourceDate "2024.11.28"]
[SourceVersion "1"]
[SourceVersionDate "2024.11.28"]
[SourceQuality "1"]

1. e4 d5 2. exd5 Qxd5 3. Nc3 Qa5 4. Bc4 e6 5. Nf3 Nf6 6. d3 Nc6 7. Bd2 Qb6 8. Na4 Qc5 9. Nxc5 Bxc5 10. 0-0 0-0 11. c3 Na5 12. Bb5 c6 13. Ba4 b5 14. Bc2 Bb7 15. b4 Bb6 16. bxa5 Bxa5 17. d4 Rfd8 18. Re1 Nd5 19. h3 Nxc3 20. Bxh7+ Kxh7 21. Qc2+ Kg8 22. Bxc3 Bxc3 23. Qxc3 a5 24. Ne5 b4 25. Qf3 f6 26. Nxc6 Rxd4 27. Ne7+ Kf8 28. Qxb7 Rad8 29. Ng6+ Kg8 30. Rxe6 Rd1+ 31. Rxd1 Rxd1+ 32. Kh2 Rd2 33. Re7 Kh7 34. Rxg7+ Kh6 35. h4 Rxf2 36. Qf7 Kh5 37. Kh3 1-0

[Event "EU-ch U10"]
[Site "Prague"]
[Date "2024.08.25"]
[Round "4"]
[White "Megagiannis, Maximos"]
[Black "Wu, Chenshan"]
[Result "0-1"]
[WhiteElo "1677"]
[BlackElo "1976"]
[PlyCount "126"]
[EventDate "2024.08.22"]
[EventType "swiss"]
[EventRounds "9"]
[EventCountry "CZE"]
[SourceTitle "CBM 221 Extra"]
[Source "ChessBase"]
[SourceDate "2024.09.30"]
[SourceVersion "1"]
[SourceVersionDate "2024.09.30"]
[SourceQuality "1"]

1. e4 e6 2. d4 d5 3. Nc3 Nf6 4. Bg5 Bb4 5. e5 h6 6. Bd2 Bxc3 7. Bxc3 Ne4 8. Bb4 c5 9. Bxc5 Nxc5 10. dxc5 Qa5+ 11. Qd2 Qxc5 12. Nf3 Nc6 13. Bd3 Bd7 14. c3 0-0 15. Bc2 Qc4 16. Bd3 Qc5 17. 0-0 Rfd8 18. Bc2 Ne7 19. a4 b5 20. Qd3 Ng6 21. a5 Rdc8 22. h4 b4 23. Ba4 Bxa4 24. Rxa4 bxc3 25. Rc1 Qc7 26. Rxc3 Nxe5 27. Qe2 Nxf3+ 28. Qxf3 Qd7 29. Rg4 Kh8 30. Qg3 f6 31. Rf3 e5 32. Rg6 Kh7 33. h5 Rg8 34. Qh4 Rab8 35. b4 Rgf8 36. Rfg3 Rf7 37. Kh2 Rc8 38. Rb3 Rc4 39. Qg3 Qf5 40. Qf3 Qxf3 41. gxf3 Rb7 42. Rg4 d4 43. b5 Rc5 44. b6 Rxa5 45. f4 Rxb6 46. Rbg3 Rb7 47. fxe5 fxe5 48. Re4 Rd5 49. Rd3 a5 50. f4 exf4 51. Rdxd4 Rxd4 52. Rxd4 Rb5 53. Rxf4 Rxh5+ 54. Kg3 Rb5 55. Ra4 g5 56. Ra3 h5 57. Ra4 h4+ 58. Kh3 Kg6 59. Kg2 Kf5 60. Kh3 Kg6 61. Kg2 Kh5 62. Kh3 g4+ 63. Rxg4 Rb3+ 0-1

[Event "Athens PAO op 17th"]
[Site "Athens"]
[Date "2024.04.05"]
[Round "4"]
[White "Ter Gevorkian, Giannis"]
[Black "Megagiannis, Maximos"]
[Result "1-0"]
[WhiteElo "1900"]
[BlackElo "1521"]
[PlyCount "103"]
[EventDate "2024.03.15"]
[EventType "swiss"]
[EventRounds "7"]
[EventCountry "GRE"]
[SourceTitle "CBM 220 Extra"]
[Source "ChessBase"]
[SourceDate "2024.07.31"]
[SourceVersion "1"]
[SourceVersionDate "2024.07.31"]
[SourceQuality "1"]

1. Nf3 d5 2. g3 Nf6 3. Bg2 g6 4. 0-0 Bg7 5. d3 0-0 6. Nbd2 Bf5 7. c4 c6 8. cxd5 cxd5 9. Nb3 Nc6 10. Bd2 e5 11. Bc3 Re8 12. d4 e4 13. Ne1 Rc8 14. Nc2 a5 15. Ne3 Be6 16. Nc5 Rc7 17. Nxe6 Rxe6 18. Bh3 Re8 19. Rc1 b5 20. b3 b4 21. Bb2 Na7 22. Rxc7 Qxc7 23. Qc1 Re7 24. Qd2 Qd6 25. Rc1 Rc7 26. Nd1 Rxc1 27. Qxc1 Qc6 28. Qxc6 Nxc6 29. e3 Kf8 30. Bc1 Ke7 31. Nb2 Bh6 32. f4 exf3 33. Nd3 g5 34. g4 Ne4 35. Bf1 Kd6 36. Nf2 Nc3 37. a4 Bg7 38. Bd3 Bxd4 39. exd4 Nxd4 40. Bxg5 Nxb3 41. Bxh7 Nxa4 42. h4 Nc3 43. Nd3 Ne4 44. Be3 Nec5 45. h5 Nxd3 46. Bxd3 a4 47. Bc2 d4 48. Bg5 d3 49. Bxd3 Nc5 50. h6 Nxd3 51. h7 b3 52. h8Q 1-0